Projektový a konštrukčný návrh napájacej nádrže parnej kotolne

Gespeichert in:
Bibliographische Detailangaben
1. Verfasser: Briatka, Juraj (Verfasst von)
Weitere Verfasser: Rajzinger, Ján (Betreuung Doktorarbeit)
Format: Manuskript Buch
Sprache:Slowakisch
Veröffentlicht: 2016
Schlagworte:
Online-Zugang:http://is.stuba.sk/zp/portal_zp.pl?podrobnosti=133476
Tags: Tag hinzufügen
Keine Tags, Fügen Sie das erste Tag hinzu!

MARC

LEADER 00000ntm a22000003a 4500
001 stuzp58058
003 SK-STU
005 20160719155443.4
007 ta
008 150427s2015----xo-----f-mn---000-0-slo-d
040 |a STU  |b slo 
041 0 |a slo 
100 1 |a Briatka, Juraj  |u 020060  |k Z4  |4 aut  |U SjF Strojnícka fakulta  |T SjF Ústav energetických strojov a zariadení  |X 9306  |U J0060  |Y 805  |7 A000009306 
242 0 1 |a Project and structural design of a feedwater tank for steam boiler room  |y eng 
245 1 0 |a Projektový a konštrukčný návrh napájacej nádrže parnej kotolne 
260 |c 2016 
650 4 |a napájacia nádrž  |2 slo 
650 4 |a odplyňovač  |2 slo 
650 4 |a EnMS  |2 slo 
650 4 |a EnMS  |2 eng 
650 4 |a feedwater tank  |2 eng 
650 4 |a deaerator  |2 eng 
700 1 |a Rajzinger, Ján  |4 ths  |X 4268  |7 A000004268 
856 4 |u http://is.stuba.sk/zp/portal_zp.pl?podrobnosti=133476 
996 |b 284J043910  |c J* 2200/DP  |l JJSK  |s A  |a 24  |w stuzp58058_0001 
SQL |a stuzp58058  |b DDP  |c SLO  |d Projektový a konštrukčný návrh napájacej nádrže parnej kotolne  |e 9306  |f Briatka, Juraj  |g 020060  |h 4268  |i Rajzinger, Ján  |j 20160615  |k 1306  |l 02  |m http://is.stuba.sk/zp/portal_zp.pl?podrobnosti=133476  |n I-ESZ  |o 5.2.6. energetické stroje a zariadenia